000 00476nam a2200181 i 4500
001 90991
003 ES-MaACL
005 20250626063146.0
007 t|
008 050126s1913 sp ||||1| spa d
100 1 _aLeón, Ricardo,
_d1877-1943
_971597
245 1 0 _aComedia sentimental /
_cRicardo León.
250 _a3ª ed.
260 _aMadrid :
_bRenacimiento,
_c1913.
300 _a329 p. ;
_c19 cm.
852 _aES-MaACL
_jB-4056
999 _c90991
_d90991